000 00624nam a22001811i 4500
001 370
090 _a370
100 _a20170304u u u0frey50 ba
101 0 _apor
200 1 _fGeorges Plekhanov
_aEnsaio Sobre o Desenvolvimento da Concepção Monista da História
215 _a293[3]p
_d21cm
700 1 _aPlekhanov
_bGeorges
_4070
702 1 _aCosta
_bFernando Marques da
_4730
210 _cLivros Horizonte
_aLisboa
_d1976
225 2 _aHorizonte universitário
410 0 _tHorizonte universitário
996 _f0000414
_kPLE
_m00000000
_n00000000
_aBMVA
_b1
_vViana do Alentejo
_xPolítica Estrangeira
_y32
_eLivro
_10
_31
990 _cLIVROS